[Event "GER-ch U10"]
[Site "Willingen"]
[Date "2015.05.29"]
[Round "9"]
[White "Schubert, Nikita"]
[Black "Kruse, Kilian"]
[Result "1-0"]
[WhiteElo "1216"]
[BlackElo "1346"]
[PlyCount "70"]
[EventDate "2015.05.24"]
[EventType "swiss"]
[EventRounds "11"]
[EventCountry "GER"]
[SourceTitle "CBM 166 Extra"]
[Source "ChessBase"]
[SourceDate "2015.06.18"]
[SourceVersion "1"]
[SourceVersionDate "2015.06.18"]
[SourceQuality "1"]

1. e4 c5 2. Nf3 Nc6 3. d4 cxd4 4. Nxd4 Nf6 5. Nc3 e5 6. Ndb5 d6 7. Bg5 a6 8. Na3 b5 9. Nd5 Be7 10. Bxf6 Bxf6 11. c4 b4 12. Nc2 a5 13. Qf3 Rb8 14. Nxf6+ Qxf6 15. Qxf6 gxf6 16. b3 f5 17. exf5 Bxf5 18. Ne3 Be6 19. 0-0-0 Ke7 20. g3 Rhc8 21. Bg2 Nd4 22. Rhe1 a4 23. Kb2 a3+ 24. Kc1 f6 25. Bd5 Rb5 26. Kb1 Rbc5 27. Bxe6 Kxe6 28. Nd5 Nb5 29. Ka1 Nd4 30. Rxd4 Kf7 31. Rd2 f5 32. Nxb4 Ke6 33. Red1 Rd8 34. Nc2 Ra5 35. Rd5 Rda8 1-0

[Event "GER-ch U10"]
[Site "Willingen"]
[Date "2015.05.28"]
[Round "8"]
[White "Farokhi, Keyvan"]
[Black "Kruse, Kilian"]
[Result "1-0"]
[WhiteElo "1262"]
[BlackElo "1346"]
[PlyCount "69"]
[EventDate "2015.05.24"]
[EventType "swiss"]
[EventRounds "11"]
[EventCountry "GER"]
[SourceTitle "CBM 166 Extra"]
[Source "ChessBase"]
[SourceDate "2015.06.18"]
[SourceVersion "1"]
[SourceVersionDate "2015.06.18"]
[SourceQuality "1"]

1. e4 c5 2. Nf3 Nc6 3. d4 cxd4 4. Nxd4 Nf6 5. Nc3 d6 6. f3 g6 7. Be3 Bg7 8. Qd2 0-0 9. 0-0-0 a6 10. g4 b5 11. h4 Ne5 12. g5 Nfd7 13. h5 b4 14. Nd5 a5 15. Qh2 e6 16. hxg6 fxg6 17. Nxe6 Qe8 18. Nxg7 Qd8 19. Ne6 Qe8 20. Nxf8 Nxf8 21. Nf6+ Kf7 22. Nxe8 Kxe8 23. Rxd6 Nxf3 24. Qf4 Nxg5 25. Qxg5 Be6 26. Bb5+ Bd7 27. Qe5+ Kd8 28. Bxd7 Nxd7 29. Rhd1 Ra7 30. Bxa7 Kc8 31. Qe8+ Kb7 32. Qxd7+ Ka8 33. Qc8+ Kxa7 34. Qc7+ Ka8 35. Rd8# 1-0

[Event "Sachsen-ch U08 op"]
[Site "Sebnitz"]
[Date "2013.11.01"]
[Round "7"]
[White "Kruse, Kilian"]
[Black "Kindt, Ellen"]
[Result "1-0"]
[WhiteElo "780"]
[BlackElo "802"]
[PlyCount "61"]
[EventDate "2013.10.28"]
[EventType "swiss"]
[EventRounds "9"]
[EventCountry "GER"]
[SourceTitle "EXT 2018"]
[Source "ChessBase"]
[SourceDate "2017.10.13"]
[SourceVersion "1"]
[SourceVersionDate "2017.10.13"]
[SourceQuality "1"]

1. e4 e5 2. Nf3 Nc6 3. Bc4 Bc5 4. c3 Nf6 5. d3 h6 6. Nbd2 0-0 7. Nf1 d6 8. Ng3 Bg4 9. 0-0 Rb8 10. b4 Bb6 11. h3 Bd7 12. Nh4 Ne7 13. Qf3 Nc6 14. b5 Na5 15. Ngf5 Nxc4 16. dxc4 Be6 17. Qg3 g6 18. Nxh6+ Kh7 19. Bg5 Kg7 20. Rfe1 Rh8 21. Kh2 Rh7 22. Ng4 Rh5 23. Bxf6+ Kg8 24. Bxd8 Rxd8 25. Nf6+ Kg7 26. Nxh5+ Kh7 27. Nf6+ Kg7 28. Qg5 Rh8 29. Nf5+ Kf8 30. Nh5 Rxh5 31. Qd8# 1-0